Statistics for 90 secs Countries of the World: by same 4th letter

Click here to take the quiz!

General Stats

  • This quiz has been taken 1,018 times
  • The average score is 163 of 196

Answer Stats

Country % Correct
East Timor
98%
South Sudan
98%
Malta
98%
Switzerland
98%
Bhutan
98%
Guatemala
98%
São Tomé and Príncipe
98%
North Korea
98%
Montenegro
98%
Haiti
98%
United Arab Emirates
98%
United Kingdom
98%
South Korea
98%
Central African Republic
98%
Vietnam
98%
Portugal
98%
South Africa
98%
Eritrea
98%
Costa Rica
98%
United States
98%
Austria
98%
Australia
98%
Nicaragua
97%
Croatia
97%
Cuba
97%
Somalia
97%
Ecuador
97%
Panama
97%
Qatar
97%
Paraguay
97%
Romania
97%
Equatorial Guinea
97%
Palau
97%
El Salvador
97%
Guyana
97%
Israel
97%
Bahamas
97%
Ukraine
97%
Belarus
97%
Kuwait
97%
Lebanon
97%
Malaysia
97%
Albania
97%
Madagascar
97%
Malawi
97%
Nepal
97%
Monaco
97%
Mozambique
97%
Poland
97%
Japan
97%
Jamaica
97%
Canada
97%
Tuvalu
97%
Sudan
97%
Kazakhstan
97%
Namibia
96%
India
96%
Pakistan
96%
Mexico
96%
Kiribati
96%
Mali
96%
Dominican Republic
96%
Tunisia
96%
Bolivia
96%
Thailand
96%
Tajikistan
96%
Suriname
96%
Syria
96%
Spain
96%
Benin
96%
Dominica
96%
Antigua and Barbuda
96%
Ethiopia
96%
Fiji
96%
Belize
96%
Vatican City
96%
Brunei
93%
Bosnia and Herzegovina
93%
Uganda
93%
Trinidad and Tobago
93%
China
93%
France
93%
Saint Kitts and Nevis
93%
Guinea
93%
Grenada
93%
Rwanda
93%
Ghana
93%
Saint Lucia
93%
Guinea-Bissau
93%
Oman
93%
Iran
93%
Saint Vincent and the Grenadines
93%
Venezuela
91%
Macedonia
91%
Yemen
91%
Uzbekistan
91%
Nigeria
91%
Senegal
91%
Luxembourg
91%
Niger
91%
Liberia
91%
Federated States of Micronesia
91%
Armenia
91%
Cameroon
91%
Cape Verde
91%
Côte d'Ivoire
91%
Argentina
91%
Greece
91%
Algeria
91%
Gabon
90%
Solomon Islands
90%
Democratic Republic of the Congo
90%
Colombia
90%
Lesotho
90%
Indonesia
90%
Estonia
90%
Comoros
90%
Morocco
90%
Andorra
90%
Togo
90%
Kosovo
90%
Samoa
90%
Angola
90%
Philippines
81%
Finland
81%
Chile
81%
Ireland
81%
Italy
81%
Sri Lanka
81%
Iceland
81%
Sweden
77%
Saudi Arabia
77%
Tonga
77%
Chad
77%
Singapore
77%
Honduras
77%
Maldives
77%
Bulgaria
77%
Moldova
77%
Jordan
77%
Mongolia
77%
Uruguay
77%
Bangladesh
77%
Belgium
77%
Kyrgyzstan
77%
Hungary
77%
Afghanistan
72%
Lithuania
72%
Netherlands
72%
Serbia
70%
Zimbabwe
70%
Zambia
70%
Gambia
70%
Barbados
70%
Djibouti
70%
Cambodia
70%
Marshall Islands
67%
Botswana
67%
Russia
67%
Laos
67%
Burma
65%
San Marino
65%
Denmark
65%
Germany
65%
New Zealand
64%
Tanzania
64%
Swaziland
64%
Brazil
64%
Azerbaijan
60%
Bahrain
60%
Nauru
60%
Mauritius
60%
Mauritania
60%
Sierra Leone
60%
Georgia
60%
Cyprus
60%
Republic of the Congo
58%
Peru
58%
Burundi
58%
Vanuatu
58%
Papua New Guinea
58%
Norway
46%
Taiwan
46%
Turkey
41%
Burkina Faso
41%
Turkmenistan
41%
Iraq
41%
Liechtenstein
36%
Seychelles
36%
Czech Republic
36%
Slovenia
35%
Latvia
35%
Slovakia
35%
Egypt
34%
Libya
32%
Kenya
32%

Score Distribution

Percentile by Number Answered

Percent of People with Each Score

Your Score History

You have not taken this quiz